Las cosas de la vida (Record no. 88360)

MARC details
000 -LEADER
campo de control de longitud fija 00576nam a2200181 i 4500
001 - NÚMERO DE CONTROL
campo de control 88360
003 - IDENTIFICADOR DE NÚMERO DE CONTROL
campo de control ES-MaACL
005 - FECHA Y HORA DE LA ÚLTIMA TRANSACCIÓN
campo de control 20230906175839.0
007 - CAMPO FIJO DE DESCRIPCIÓN FÍSICA--INFORMACIÓN GENERAL
campo de control de longitud fija t|
008 - DATOS DE LONGITUD FIJA--INFORMACIÓN GENERAL
campo de control de longitud fija 050104s1977 sp ||||1| spa d
100 1# - ENTRADA PRINCIPAL--NOMBRE DE PERSONA
Nombre de persona Laing, Ronald David.
9 (RLIN) 69695
245 14 - MENCIÓN DEL TÍTULO
Título Las cosas de la vida
Resto del título : un ensayo sobre los sentimientos, la realidad y la fantasía /
Mención de responsabilidad, etc. R.D. Laing ; traducción de Silvia Furió.
250 ## - MENCION DE EDICION
Mención de edición [2ª ed.].
260 ## - PUBLICACIÓN, DISTRIBUCIÓN, ETC.
Lugar de publicación, distribución, etc. Barcelona :
Nombre del editor, distribuidor, etc. Crítica,
Fecha de publicación, distribución, etc. [1977]
300 ## - DESCRIPCIÓN FÍSICA
Extensión 192 p. ;
Dimensiones 20 cm.
700 1# - ENTRADA AGREGADA--NOMBRE PERSONAL
Nombre de persona Furió, Silvia.
9 (RLIN) 53039
852 ## - LOCALIZACIÓN
Ubicación ES-MaACL
Número de control de estantería A-8497
Sublocalización o colección R.97091
Holdings
Estatus retirado Estado de pérdida Estado de daño No para préstamo Biblioteca de origen Biblioteca actual Ubicación en estantería Fecha de adquisición Fuente de adquisición Total de préstamos Signatura topográfica completa Código de barras Visto por última vez Precio de reemplazo Tipo de ítem Koha
        Biblioteca del Ateneo de Madrid Biblioteca del Ateneo de Madrid Depósito 1 17/01/2008     A-8497 1092302 23/02/2023 23/02/2023 Libro impreso